| 000 | 00773nam a2200265Ia 4500 | ||
|---|---|---|---|
| 001 | Para_2106 | ||
| 003 | CHAP | ||
| 008 | 220125sc199 xx 000 0 und d | ||
| 010 | _a204572 | ||
| 040 | _cCHAP | ||
| 082 | _aPA 632.8 K9 | ||
| 100 |
_aKyle, Molly M., ed. _9170504 |
||
| 245 |
_aResistance to viral diseases of vegetables : _b genetics & breeding / _c ed. by Molly M. Kyle |
||
| 260 |
_aPortland, Oregon : _b Timber press |
||
| 300 | _a278 p. | ||
| 650 |
_aPlantas _x enfermedades por virus _988834 |
||
| 650 |
_aPlantas _x resistencia a enfermedades _988882 |
||
| 901 | _aPA 632.8 K9 | ||
| 902 | _aA | ||
| 905 | _a000000c1993 0000000000 00 | ||
| 910 | _ac199 | ||
| 942 | _cPARA | ||
| 942 |
_cPARA _d1 |
||
| 999 |
_c204572 _d204572 |
||